000
00232nam a2200097Ia 4500
001
871779
005
20250826181225.0
008
250824s9999 xx 000 0 und d
245
0
_a
YÜZLEŞME
_c
UĞUR KOŞAR
260
_b
DESTEK YAYINLARI
999
_c
871779
_d
871779